Geography Quiz

Random Geography or Flags Quiz

Pop Quiz: Flag of Albania Stats

 Plays Quiz not verified by Sporcle

Score 0/10 Timer 03:00
0 Plays Today
Question Answer Wrong Answers
What color is the eagle on today's Albanian flag? black
92.6%
green
2.9%
orange
1.7%
white
0.4%
How many heads does the eagle on the Albanian flag possess? two
87.2%
none
3.3%
one
6.6%
three
0.4%
The red field that makes up the Albanian flag's background is a symbol for what? bravery
77.7%
anger
5.8%
love
7%
violence
7%
Beginning in 1969, the Albanian flag was widely and unofficially flown in which state by the country's ethnic Albanian population? Kosovo
75.2%
Greece
9.9%
Macedonia
7.9%
Serbia
3.7%
In what year did Albania gain independence and start using the flag we see today? 1912
61.2%
1925
8.3%
1928
12.8%
1939
13.6%
What used to be on the Albanian flag between 1946 and 1992? a star
54.1%
a black stripe
10.7%
a crown
21.5%
golden arrows
9.9%
How many tails does the Albanian flag's eagle have? one
51.7%
none
5%
two
33.1%
three
7.9%
The central element of the Albanian flag (i.e., the eagle) is borrowed from the banner of which historical empire? Byzantine Empire
50.4%
Bulgarian Empire
9.9%
Ottoman Empire
27.7%
Western Roman Empire
8.7%
What went wrong with the flags during the hundredth anniversary of the independence of Albania? the eagles were noticeably deformed
45.9%
rebels burned flags across the nation
14.5%
the background appeared dark brown
16.9%
they were all square-shaped instead of rectangle
17.8%
On November 28th in Albania's year of independence, officials first raised their new flag in which city? Vlorë
34.7%
Durrës
12.8%
Shkodër
6.2%
Tiranë
42.6%

You're not logged in!

Compare scores with friends on all Sporcle quizzes.
OR
Log In

Sporcle TV

Today on Sporcle TV


Watch our educational content, quiz creation guides, and fun videos on Sporcle TV.

Show Comments

Extras

Top Quizzes Today


Score Distribution

Your Account Isn't Verified!

In order to create a playlist on Sporcle, you need to verify the email address you used during registration. Go to your Sporcle Settings to finish the process.

Report this User

Report this user for behavior that violates our Community Guidelines.

Details: